000
00300nam a2200121Ia 4500
008
241002s9999 xx 000 0 und d
082
_a
332.041 KAR
100
_a
Karl, Marx
245
0
_a
Capital A Crique of Political Economy
260
_a
New York:
_c
1966
600
_a
Social Sciences
942
_c
UC
999
_c
18982
_d
18982